书目信息 |
| 题名: |
工程监理典型案例集
|
|
| 作者: | 李明安 , 李伟 , 杨卫东 主编 | |
| 分册: | 2024 | |
| 出版信息: | 北京 中国建筑工业出版社 2025.01 |
|
| 页数: | 214页 | |
| 开本: | 26cm | |
| 丛书名: | ||
| 单 册: | ||
| 中图分类: | TU712 | |
| 科图分类: | ||
| 主题词: | 建筑工程--jian zhu gong cheng--监理工作--案例--中国 | |
| 电子资源: | ||
| ISBN: | 978-7-112-30791-3 | |
| 000 | 01195nam 2200265 450 | |
| 001 | 89407 | |
| 005 | 20250814143201.13 | |
| 010 | @a978-7-112-30791-3@dCNY128.00 | |
| 100 | @a20250304d2025 em y0chiy50 ea | |
| 101 | 0 | @achi |
| 102 | @aCN@b110000 | |
| 105 | @aa z 000yy | |
| 106 | @ar | |
| 200 | 1 | @a工程监理典型案例集@Agong cheng jian li dian xing an li ji@h2024 |
| 210 | @a北京@c中国建筑工业出版社@d2025.01 | |
| 215 | @a214页@c图 (部分彩图)@d26cm | |
| 314 | @a书内题: 李明安, 李伟, 杨卫东主编 | |
| 330 | @a本书精选了建筑行业共10个有代表性的典型案例, 包括北京大兴国际机场航站楼工程、上海中心大厦工程、港珠澳大桥岛隧工程、G20主会场杭州国际博览中心工程、CBD核心区Z15地块项目 (中国尊) 工程、深圳平安金融中心工程、郑州市奥林匹克体育中心体育场工程、广州市轨道交通十四号线一期工程、郑州市下穿中州大道下立交工程、以色列海法Bayport港口工程, 每个工程认真总结了监理工作经验和启示, 充分体现了监理工作的特色和成效。 | |
| 606 | 0 | @a建筑工程@Ajian zhu gong cheng@x监理工作@x案例@y中国 |
| 690 | @aTU712@v5 | |
| 701 | 0 | @a李明安@Ali ming an@4主编 |
| 701 | 0 | @a李伟@Ali wei@4主编 |
| 701 | 0 | @a杨卫东@Ayang wei dong@4主编 |
| 801 | 0 | @aCN@c20250909 |
| 905 | @a河南城建学院图书馆@dTU712@eL210@f1 | |
| 工程监理典型案例集.2024.-北京:中国建筑工业出版社,2025.01 |
| 214页:图 (部分彩图);26cm |
| ISBN 978-7-112-30791-3:CNY128.00 |
| 本书精选了建筑行业共10个有代表性的典型案例, 包括北京大兴国际机场航站楼工程、上海中心大厦工程、港珠澳大桥岛隧工程、G20主会场杭州国际博览中心工程、CBD核心区Z15地块项目 (中国尊) 工程、深圳平安金融中心工程、郑州市奥林匹克体育中心体育场工程、广州市轨道交通十四号线一期工程、郑州市下穿中州大道下立交工程、以色列海法Bayport港口工程, 每个工程认真总结了监理工作经验和启示, 充分体现了监理工作的特色和成效。 |
| ● |
| 相关链接 |
|
|
|
正题名:工程监理典型案例集
索取号:TU712/L210
 
预约/预借
| 序号 | 登录号 | 条形码 | 馆藏地/架位号 | 状态 | 备注 |
| 1 | 1623369 | 216233699 | 建筑库201/201建筑库 20排1列3层/ [索取号:TU712/L210] | 在馆 |